000 00486nam a2200181Ia 4500
005 20250508152902.0
008 008 250505s9999 xx 000 0 eng d
037 _aTextual
040 _aFEDL
_beng
_cFEDL
041 _aeng
_2eng
084 _a760, OTA
_qFEDL
100 _aOta Koshi (et. al....)
_9762648
245 0 _aPrinting for fun
260 _aLondon, UK
_bMuseum Press Limited
_c1960
300 _a53p.
942 _cTEXL
_h760, OTA
999 _c1339395
_d1339395